000 00712nam a2200289Ia 4500
005 20260324114928.0
008 008 260324s9999 xx 000 0 eng d
020 _a9780429275319
037 _aEBOOK
040 _aCRL
040 _beng
040 _cCRL
041 _2eng
041 _aeng
084 _qCRL
100 _aBharath Aithal; T.V. Ramachandra
_91152703
245 0 _aUrban Growth Patterns in India
245 0 _bSpatial Analysis for Sustainable Development
260 _bTaylor and Francis
260 _c2020
365 _a
365 _b275
856 _uhttp://www.taylorfrancis.com/books/9780429275319
942 _cEBOOK
999 _c1743192
_d1743192